000 02400cam a22002415a 4500
001 L148522
008 090929s2009 xxk f 000 0 eng d
020 _a9780080963914
035 _a(Sirsi) u148522
041 0 _aeng
050 0 4 _a333.330
100 1 _aNorwood, Graham
245 0 4 _aThe housing downturn
_bpicking up the pieces, a guide for estate agents and developers
_h[electronic resource]
260 _aLondon
_bEG Books
_c2009
300 _aeBook
520 _aThis eBook sets out the signals that were appearing from 2005 onwards as the foundations of the property industry began to crack. He asks: why were they missed? Why did so few people speak out against gluts of apartments in major city centres targeted at falling numbers of investment buyers? Did we not know or care that property scams were becoming rife? Could we not see at least some alarm signals from the problems destroying the property industry in Spain? For the first time, senior figures from all elements of the residential industry - developers, agents, analysts, lenders, planners and pundits - comment on what they believe led to the downturn. The book then sets out what the industry may learn from the experience. It compares those developers and estate agents that down-sized or collapsed altogether with those that survived and, in some cases, even prospered in the downturn. It identifies common indicators amongst those that remained strong through a 50 percent collapse in sales and a 25 percent-plus collapse in prices, and offers insights into how policies of diversification and modernisation helped many companies survive. It also looks to the future and presents a sobering vision, created by scores of experts interviewed during the downturn, of what the market may be like when volumes, prices and spirits move upwards once again. This is the first book to analyse the effects of the housing downturn. It offers a structured guidance for Estate Agents and Property Developers on how to survive and grow their business, and pulls together comment from a range of senior industry figures on what they believe led to the downturn.
590 _aKA
650 _aEBOOK
651 4 _aENGLAND AND WALES
690 _aPROPERTY-COMMERCIAL PROPERTY-COMMERCIAL PROPERTY MARKET
856 4 0 _uhttps://www.vlebooks.com/
_zView on VLEbooks. Logins for members only from [email protected]
942 _n0
999 _c110082
_d110082